| 000 | 01099nab a2200277 u 4500 | ||
|---|---|---|---|
| 001 | 11977 | ||
| 003 | HDC | ||
| 007 | cr bn ---aaaaa | ||
| 008 | 210201b20100413may||||| |||| 00| 0 may d | ||
| 040 | _aHDC | ||
| 100 |
_aAzly Ayob, _eauthor _912342 |
||
| 245 | 0 |
_aMida yakin pelaburan Korea meningkat / _cAzly Ayob |
|
| 260 |
_aMalaysia: _bNew Straits Times Press (M) Bhd., _c2010 |
||
| 300 | _a1 online resource | ||
| 336 |
_atext _2rdacontent |
||
| 337 |
_acomputer _2rdamedia |
||
| 338 |
_aonline resource _2rdacarrier |
||
| 650 |
_aFood industry and trade. _9140 |
||
| 650 |
_ainvestment _zMalaysia _zKorea _99776 |
||
| 650 |
_aSmall and Medium Enterprises (SMEs) _zMalaysia _91799 |
||
| 856 | _zRequest full-text at [email protected] | ||
| 856 | _zRequest full-text at [email protected] | ||
| 942 | _2lcc | ||
| 942 | _cNEWS | ||
| 942 | _kNWSC 000065 | ||
| 999 |
_c9300 _d9300 |
||